000 01526nas a2200277Ia 4500
001 R050-S0939
003 IT-CnALBA
008 170116c99999999xx |||||||||||| ||und||
040 _aIT-CnALBA
_cIT-CnALBA
041 _aITALIANO
100 _aNOGARA GIUSEPPE, ARCIVESCOVO
210 _aLA SCUOLA CATTOLICA
222 _aLA SCUOLA CATTOLICA
245 0 _aLA SCUOLA CATTOLICA. SETTEMBRE DICEMBRE 1911. VOL. III. DELLA FACOLTÀ TEOLOGICA DI MILANO.
250 _a1a ed.
260 _a MONZA
_bARTIGIANELLI SCUOLA TIPOGR.
_c1911 [1° Ed.:1911 - Ed.Ling.Originale: 1911]
300 _a627 p.
310 _aMENSILE
362 _aFascicolo: 10-12 / Anno: 39 (1911)
500 _aPIOVANO G. CELLINI A. PASTE R. DUCHESNE. INEMARRANZA BIBLICA. LA RIFORMA DEI SEMINARI IN ITALIA. SECONDO LA MENTE DI PIO X. LA SCUOLA LAMENNESIANA. IL MESSAGGIO DI GESÙ AI SAMARITANI EBREI GENTILI. LETTERA DI NPTKERO BALBULO A LUITVARDO VESCOVO DI VERCELLI. RIVISTA DELLE RIVISTE. BIBLIOGRAFIA. NOTE E DISCUSSIONI.
501 _aSocietà San Paolo EM - Piazza San Paolo, 14 - 12051 ALBA (CN) (non commercial uses only) ® Copyright 2017
520 _aPIOVANO G. CELLINI A. PASTE R. DUCHESNE. INEMARRANZA BIBLICA. LA RIFORMA DEI SEMINARI IN ITALIA. SECONDO LA MENTE DI PIO X. LA SCUOLA LAMENNESIANA. IL MESSAGGIO DI GESÙ AI SAMARITANI EBREI GENTILI. LETTERA DI NPTKERO BALBULO A LUITVARDO VESCOVO DI VERCELLI. RIVISTA DELLE RIVISTE. BIBLIOGRAFIA. NOTE E DISCUSSIONI.
650 _aSCIENZE RELIGIOSE
942 _cCR
957 _71
999 _a62505
_bSI
_g1
_c329531
_d329531